Every Place in Louisiana on a Map - Statistics

General Stats
  • This quiz has been taken 221 times
  • The average score is 77 of 488
Answers on the Map
Answers color-coded by a green-red scale on the quiz's map according to % correct below.
 
Answer Stats
Population Place % Correct
383,997 New Orleans
91%
227,470 Baton Rouge
89%
187,593 Shreveport
84%
121,374 Lafayette
77%
84,872 Lake Charles
70%
47,702 Monroe
67%
45,275 Alexandria
56%
33,406 Houma
53%
62,701 Bossier City
49%
22,166 Ruston
47%
66,448 Kenner
46%
143,507 Metairie
46%
18,039 Natchitoches
46%
28,781 Slidell
46%
28,555 New Iberia
42%
19,584 Hammond
39%
15,786 Opelousas
39%
11,564 Covington
35%
17,814 Gretna
33%
21,809 Sulphur
33%
15,948 Thibodaux
33%
19,316 Zachary
33%
12,231 Gonzales
32%
1,005 Grand Isle
32%
315 Cameron
30%
21,562 Chalmette
30%
13,103 West Monroe
30%
3,436 Iowa
28%
10,633 Jefferson
28%
13,192 Mandeville
28%
162 Venice
28%
3,990 Jackson
26%
4,153 Winnfield
26%
9,852 DeRidder
25%
14,384 Pineville
25%
427 Springfield
25%
11,186 Abbeville
23%
4,533 Arabi
23%
5,533 Cut Off
23%
9,286 Denham Springs
23%
5,239 Grambling
23%
9,837 Jennings
23%
2,170 Kinder
23%
28,841 Laplace
23%
5,649 Leesville
23%
11,472 Morgan City
23%
12,522 Moss Bluff
23%
4,939 Port Allen
23%
6,286 Tallulah
23%
6,303 Ville Platte
23%
3,400 Vinton
23%
4,781 Westlake
23%
12,455 Baker
21%
10,579 Belle Chasse
21%
2,048 Benton
21%
7,513 Breaux Bridge
21%
29,565 Central
21%
3,144 DeQuincy
21%
9,422 Eunice
21%
6,728 Franklin
21%
22,236 Harvey
21%
2,145 Kentwood
21%
1,877 Livingston
21%
2,571 Many
21%
6,692 Oakdale
21%
1,402 Oberlin
21%
901 Oil City
21%
1,677 Port Sulphur
21%
1,557 St. Francisville
21%
742 Washington
21%
9,691 Bastrop
19%
10,659 Bogalusa
19%
1,340 Clinton
19%
11,710 Crowley
19%
48 Delacroix
19%
3,189 Ferriday
19%
926 Hackberry
19%
1,809 Jean Lafitte
19%
4,155 Jena
19%
1,014 Lafitte
19%
5,065 Marksville
19%
32,382 Marrero
19%
967 Merryville
19%
11,928 Minden
19%
748 Mooringsport
19%
4,549 New Roads
19%
7,822 Ponchatoula
19%
3,347 Rayville
19%
6,374 Walker
19%
15,929 Youngsville
19%
1,638 Zwolle
19%
851 Anacoco
18%
191 Bienville
18%
718 Boothville
18%
13,417 Broussard
18%
3,346 Bunkie
18%
9,272 Carencro
18%
277 Columbia
18%
232 Delta
18%
6,695 Donaldsonville
18%
992 Elton
18%
2,028 Erath
18%
676 Hayes
18%
2,747 Homer
18%
850 Madisonville
18%
4,714 Mansfield
18%
622 Montgomery
18%
2,565 Pearl River
18%
6,269 Plaquemine
18%
183 Pointe a la Hache
18%
491 Roanoke
18%
831 St. Joseph
18%
5,379 St. Martinville
18%
392 Sun
18%
4,027 Vidalia
18%
3,333 Welsh
18%
8,568 Westwego
18%
2,631 Abita Springs
16%
4,005 Amite City
16%
2,746 Arcadia
16%
1,057 Barataria
16%
1,214 Basile
16%
7,219 Bridge City
16%
5,101 Carlyss
16%
1,428 Colfax
16%
483 Convent
16%
379 Converse
16%
1,752 Coushatta
16%
2,622 Delhi
16%
226 Fenton
16%
3,662 Franklinton
16%
7,100 Galliano
16%
1,761 Golden Meadow
16%
3,166 Greenwood
16%
548 Grosse Tete
16%
1,165 Gueydan
16%
9,116 Harahan
16%
277 Harrisonburg
16%
217 Ida
16%
4,106 Jonesboro
16%
1,728 Jonesville
16%
4,352 Kaplan
16%
490 Lacassine
16%
8,657 Lacombe
16%
2,595 Lake Arthur
16%
3,587 Lake Providence
16%
6,763 Larose
16%
1,340 Logansport
16%
545 Longville
16%
2,936 Mamou
16%
2,118 Maurice
16%
540 Napoleonville
16%
489 Natchez
16%
1,441 Oak Grove
16%
893 Plain Dealing
16%
617 Pleasant Hill
16%
2,536 Poydras
16%
7,745 Prien
16%
7,236 Rayne
16%
221 Reeves
16%
511 Richmond
16%
1,519 Rosepine
16%
4,801 Springhill
16%
659 Starks
16%
2,273 Stonewall
16%
425 Tangipahoa
16%
25,278 Terrytown
16%
5,758 Violet
16%
3,073 Vivian
16%
9,835 Waggaman
16%
1,235 Albany
14%
1,009 Arnaudville
14%
194 Ashland
14%
4,582 Avondale
14%
1,762 Baldwin
14%
3,538 Blanchard
14%
3,054 Boutte
14%
2,578 Brusly
14%
1,109 Buras
14%
1,699 Charenton
14%
4,179 Church Point
14%
584 Clayton
14%
787 Cotton Valley
14%
1,793 Delcambre
14%
2,179 Des Allemands
14%
674 Doyline
14%
1,241 Dulac
14%
4,390 Eastwood
14%
7,782 Eden Isle
14%
417 Elizabeth
14%
5,649 Elmwood
14%
17,952 Estelle
14%
3,366 Farmerville
14%
197 Fisher
14%
769 Folsom
14%
304 Forest
14%
1,073 French Settlement
14%
800 Gillis
14%
1,087 Glenmora
14%
217 Grand Cane
14%
5,518 Gray
14%
629 Greensburg
14%
2,959 Hahnville
14%
1,617 Henderson
14%
1,304 Iota
14%
4,813 Jeanerette
14%
904 Krotz Springs
14%
818 Lakeview
14%
1,212 Livonia
14%
13,716 Luling
14%
624 Mangham
14%
6,804 Meraux
14%
2,590 Milton
14%
525 Morganza
14%
599 Morse
14%
200 Noble
14%
2,984 Norco
14%
5,931 Patterson
14%
3,024 Pierre Part
14%
1,751 Port Barre
14%
33,197 Prairieville
14%
9,768 Raceland
14%
8,541 Reserve
14%
13,591 River Ridge
14%
192 Rodessa
14%
717 Sarepta
14%
8,119 Scott
14%
19,292 Shenandoah
14%
1,468 Simmesport
14%
585 Simpson
14%
303 Singer
14%
1,035 Slaughter
14%
7,504 St. Rose
14%
2,909 Sunset
14%
10,364 Timberlane
14%
735 Union
14%
4,862 Winnsboro
14%
11,238 Woodmere
14%
6,731 Addis
12%
1,290 Ama
12%
2,132 Amelia
12%
258 Angie
12%
237 Athens
12%
3,961 Ball
12%
210 Baskin
12%
13,352 Bayou Blue
12%
19,770 Bayou Cane
12%
2,161 Bayou Gauche
12%
514 Bayou Goula
12%
1,806 Bayou L'Ourse
12%
4,213 Bayou Vista
12%
248 Belcher
12%
1,698 Belle Rose
12%
4,771 Berwick
12%
170 Bonita
12%
2,375 Bourg
12%
888 Boyce
12%
431 Branch
12%
5,145 Brownfields
12%
4,353 Brownsville
12%
670 Calhoun
12%
887 Campti
12%
583 Cankton
12%
988 Catahoula
12%
1,807 Cecilia
12%
5,370 Chackbay
12%
259 Chataignier
12%
2,575 Chauvin
12%
12,631 Claiborne
12%
1,052 Clarks
12%
811 Crescent
12%
716 Cullen
12%
200 Darrow
12%
11,340 Destrehan
12%
293 Dixie Inn
12%
908 Dubach
12%
1,326 Duson
12%
1,948 Edgard
12%
905 Empire
12%
358 Epps
12%
2,275 Erwinville
12%
694 Estherwood
12%
553 Florien
12%
605 Forest Hill
12%
2,123 Garyville
12%
773 Gibsland
12%
132 Glencoe
12%
2,932 Gramercy
12%
776 Grand Coteau
12%
4,539 Haughton
12%
2,039 Haynesville
12%
1,635 Independence
12%
5,987 Inniswold
12%
437 Junction City
12%
243 Keachi
12%
1,177 Killian
12%
1,715 Labadieville
12%
2,427 Lafourche Crossing
12%
845 Lecompte
12%
420 Lewisburg
12%
2,490 Lockport
12%
115 Longstreet
12%
658 Loreauville
12%
3,133 Lutcher
12%
892 Lydia
12%
891 Maringouin
12%
524 Martin
12%
2,273 Mathews
12%
516 Mermentau
12%
491 Mer Rouge
12%
249 Midland
12%
1,465 Montegut
12%
5,431 Monticello
12%
886 Newellton
12%
2,213 New Llano
12%
2,508 New Orleans Station
12%
7,339 Old Jefferson
12%
1,295 Olla
12%
857 Paincourtville
12%
1,242 Paradis
12%
640 Parks
12%
1,778 Paulina
12%
149 Pioneer
12%
646 Port Vincent
12%
528 Provencal
12%
7,065 Red Chute
12%
3,881 Richwood
12%
1,379 Ringgold
12%
880 Roseland
12%
6,711 Schriever
12%
151 Shongaloo
12%
1,127 Sibley
12%
366 Sicily Island
12%
711 Sorrel
12%
1,514 Sorrento
12%
333 South Mansfield
12%
132 Stanley
12%
982 Start
12%
1,980 Sterlington
12%
6,433 St. Gabriel
12%
592 St. James
12%
33 Sugartown
12%
839 Supreme
12%
635 Tickfaw
12%
330 Varnado
12%
800 Ventress
12%
7,677 Village St. George
12%
755 Wallace
12%
541 Waterproof
12%
956 Watson
12%
348 Wilson
12%
771 Wisner
12%
1,762 Woodworth
12%
149 Atlanta
11%
32 Bayou Corne
11%
1,304 Bayou Country Club
11%
305 Belmont
11%
1,356 Bernice
11%
1,874 Cade
11%
499 Centerville
11%
468 Cheneyville
11%
775 Choctaw
11%
274 Collinston
11%
2,023 Cottonport
11%
1,761 Deville
11%
294 Dodson
11%
455 Dry Prong
11%
250 Dubberly
11%
204 East Hodge
11%
618 Egan
11%
130 Eros
11%
910 Fordoche
11%
494 Fort Jesup
11%
7,950 Fort Polk South
11%
132 Frierson
11%
13,203 Gardere
11%
277 Georgetown
11%
449 Gilbert
11%
123 Gilliam
11%
53 Gloster
11%
428 Goldonna
11%
449 Grayson
11%
268 Hall Summit
11%
213 Heflin
11%
483 Hester
11%
382 Hodge
11%
430 Hornbeck
11%
244 Hosston
11%
100 Jamestown
11%
351 Kilbourne
11%
877 Kraemer
11%
1,066 Lawtell
11%
868 Leonville
11%
173 Lisbon
11%
1,171 Lockport Heights
11%
251 Lucky
11%
1,320 Mansura
11%
623 Marion
11%
90 Marthaville
11%
759 Melville
11%
9,227 Merrydale
11%
1,157 Midway
11%
2,156 Minorca
11%
474 Monterey
11%
196 Montpelier
11%
2,106 Montz
11%
12 Mound
11%
66 Mount Lebanon
11%
2,510 Natalbany
11%
1,169 New Sarpy
11%
296 North Hodge
11%
2,093 North Vacherie
11%
279 Norwood
11%
9,239 Oak Hills Place
11%
371 Oretta
11%
2,145 Ossun
11%
92 Palmetto
11%
1,490 Pine Prairie
11%
455 Pitkin
11%
382 Point Place
11%
394 Pollock
11%
101 Powhatan
11%
1,703 Presquille
11%
380 Prospect
11%
160 Quitman
11%
117 Robeline
11%
664 Rosedale
11%
265 Saline
11%
803 Simsboro
11%
126 Spearsville
11%
378 Spokane
11%
266 St. Maurice
11%
4,354 Swartz
11%
61 Taft
11%
268 Triumph
11%
304 Tullos
11%
394 Turkey Creek
11%
698 Urania
11%
483 Vienna
11%
1,314 Vienna Bend
11%
672 Welcome
11%
2,791 Westminster
11%
1,722 White Castle
11%
3,472 Bawcomville
9%
458 Bordelonville
9%
87 Bryceland
9%
520 Center Point
9%
491 Chatham
9%
989 Choudrant
9%
242 Creola
9%
120 Downsville
9%
204 Edgefield
9%
215 Evergreen
9%
921 Fifth Ward
9%
2,179 Fort Polk North
9%
2,241 Grand Point
9%
328 Joyce
9%
724 Killona
9%
1,988 Lakeshore
9%
695 Lemannville
9%
201 McNary
9%
168 Moonshine
9%
984 Moreauville
9%
124 Oak Ridge
9%
1,171 Perry
9%
221 Plaucheville
9%
212 Pleasure Bend
9%
904 Reddell
9%
583 Ridgecrest
9%
137 Rio
9%
260 Rock Hill
9%
99 Romeville
9%
297 Siracusaville
9%
3,388 South Vacherie
9%
104 Trout
9%
572 Wallace Ridge
9%
1,136 Banks Springs
7%
242 Calvin
7%
230 Castor
7%
326 Clarence
7%
159 Dorseyville
7%
352 Echo
7%
259 Good Pine
7%
772 Hessmer
7%
196 Jordan Hill
7%
111 Lillie
7%
149 Morrow
7%
112 Sikes
7%
No matching quizzes found
Score Distribution
Percent of People with Each Score
Percentile by Number Answered
Your Score History
You have not taken this quiz